Detalles MARC
| 000 -CABECERA |
| Longitud fija campo de control |
01410nam a2200313 i 4500 |
| 003 - • IDENTIFICADOR DELl NÚMERO DE CONTROL |
| Identificador del número de control |
CO-BoRNBP |
| 005 - • FECHA Y HORA DE LA ÚLTIMA TRANSACCIÓN |
| Fecha y hora de la última transacción |
20250203095357.0 |
| 007 - • CAMPO FIJO DE DESCRIPCIÓN FÍSICA |
| Campo fijo de descripción física |
ta |
| 008 - • CÓDIGOS DE INFORMACIÓN DE LONGITUD FIJA |
| Códigos de información de longitud fija |
250203s2011 Uy a|||| |||| 00| 0 spa d |
| 020 ## - • NÚMERO INTERNACIONAL NORMALIZADO PARA LIBROS |
| Número Internacional Normalizado para Libros (ISBN) |
9789974697058 |
| 040 ## - FUENTE DE LA CATALOGACIÓN |
| Centro catalogador de origen |
CO-BoRNBP |
| Lengua de catalogación |
SPA |
| Centro transcriptor |
CO-BoRNBP |
| Normas de descripción |
RDA |
| 041 ## - • CÓDIGO DE LENGUA |
| Código de lengua del texto/banda sonora o título independiente |
spa |
| Código de lengua original |
eng |
| 084 ## - • Clasificación Local Alfanúmerica PNLB |
| Número de clasificación |
C DOE |
| 100 1# - • PUNTO DE ACCESO PRINCIPAL-NOMBRE DE PERSONA |
| Nombre de persona |
Doering Tourville, Amanda |
| Término indicativo de función |
autor |
| 245 ## - • TITULO PROPIAMENTE DICHO |
| Título |
Mi amiga tiene dislexia/ |
| Mención de responsabilidad, etc. |
Amanda Doering Tourville; traducción al español, María Carolina Berduque y Juan Cruz De Sabato; ilustraciones, Kristin Sorra |
| 250 ## - • MENCIÓN DE EDICIÓN |
| Mención de edición |
Primera edición |
| 264 #4 - PRODUCCIÓN, PUBLICACIÓN , DISTRIBUCIÓN, FABRICACIÓN Y COPYRIGHT |
| Lugar de producción, publicación, distribución, fabricación |
Montevideo, Uruguay: |
| Nombre del productor, editor, distribuidor, fabricante |
Latinbooks International, |
| Fecha de de producción, publicación, distribución, fabricación o copyright |
2011 |
| 300 ## - • DESCRIPCIÓN FÍSICA |
| Extensión |
24 páginas, |
| Otras características físicas |
ilustraciones a color, |
| Dimensiones |
alto 24 cm ancho 22 cm |
| 336 ## - TIPO DE CONTENIDO |
| Fuente |
rdacontent |
| Término de tipo de contenido |
texto |
| Código de tipo de contenido |
txt |
| 337 ## - TIPO DE MEDIO |
| Fuente |
rdamedia |
| Nombre del tipo de medio |
sin mediación |
| Código del tipo de medio |
n |
| 338 ## - TIPO DE SOPORTE |
| Fuente |
rdacarrier |
| Nombre del tipo de soporte |
volumen |
| Código del tipo de soporte |
nc |
| 490 ## - • MENCIÓN DE SERIE |
| Mención de serie |
Amigos especiales |
| 520 ## - • NOTA DE RESUMEN |
| Resumen, etc, |
Celebrando la tolerancia y aceptación, este libro enseña a los niños a conocer qué es la dislexia y cómo entender a los que la padecen, generando empatía y motivando la valoración de las diferencias.<br/>Un libro para aprender a valorar las diferencias que nos hacen únicos y motivar la integración de los niños. |
| 650 ## - • PUNTO DE ACCESO ADICIONAL DE MATERIA - TÉRMINO DE MATERIA |
| Fuente del encabezamiento o término |
LEMB |
| Término de materia o nombre geográfico como elemento inicial |
Literatura infantil |
| 650 ## - • PUNTO DE ACCESO ADICIONAL DE MATERIA - TÉRMINO DE MATERIA |
| Fuente del encabezamiento o término |
LEMB |
| Término de materia o nombre geográfico como elemento inicial |
Libro didáctico |
| 650 ## - • PUNTO DE ACCESO ADICIONAL DE MATERIA - TÉRMINO DE MATERIA |
| Fuente del encabezamiento o término |
LEMB |
| Término de materia o nombre geográfico como elemento inicial |
Educación en valores |
| 650 ## - • PUNTO DE ACCESO ADICIONAL DE MATERIA - TÉRMINO DE MATERIA |
| Fuente del encabezamiento o término |
LEMB |
| Término de materia o nombre geográfico como elemento inicial |
Dislexia |
| 942 ## - ENTRADA DE ELEMENTOS AGREGADOS (KOHA) |
| Fuente de clasificaión o esquema |
Dewey Decimal Classification |
| Koha [por defecto] tipo de item |
Libro Infantil |